Statystyki dla Wszystkie współczesne państwa kontrolowane przez Francję

Kliknij tutaj aby rozwiązać quiz!

Ogólne statystyki

  • Ten quiz został rozwiązany 114 razy
  • Średni wynik to 84 z 102

Odpowiedzi na mapie

Odpowiedzi skodowane kolorowo w zielono-czerwonej skali na mapie do tego quizu, zgodnie z poniższymi procentami.
 

Statystyki odpowiedzi

Country% Poprawnych
Brazylia
97%
Kanada
97%
Polska
97%
Stany Zjednoczone
97%
Meksyk
96%
Indie
95%
Rosja
95%
Algieria
94%
Białoruś
94%
Egipt
94%
Hiszpania
94%
Maroko
94%
Niemcy
94%
Portugalia
94%
Ukraina
94%
Włochy
94%
Austria
93%
Bośnia i Hercegowina
93%
Chiny
93%
Chorwacja
93%
Czechy
93%
Filipiny
93%
Francja
93%
Holandia
93%
Irlandia
93%
Madagaskar
93%
Norwegia
93%
Rumunia
93%
Słowacja
93%
Szwecja
93%
Węgry
93%
Wielka Brytania
93%
Albania
91%
Belgia
91%
Grecja
91%
Litwa
91%
Łotwa
91%
Luksemburg
91%
Słowenia
91%
Tunezja
91%
Watykan
91%
Andora
90%
Liechtenstein
90%
Serbia
90%
Syria
90%
Turcja
90%
San Marino
89%
Wietnam
89%
Dominika
88%
Kambodża
88%
Laos
88%
Monako
88%
Australia
87%
Haiti
87%
Libia
87%
Niger
87%
Sri Lanka
87%
Surinam
87%
Tajlandia
87%
Czad
86%
Izrael
86%
Szwajcaria
86%
Dominikana
85%
Kongo
85%
Kosowo
84%
Macedonia Północna
83%
Tajwan
82%
Liban
81%
Mali
81%
Wybrzeże Kości Słoniowej
81%
Bangladesz
79%
Jemen
79%
Nigeria
79%
Senegal
79%
Kamerun
76%
Kenia
76%
Mauretania
76%
Togo
76%
Gwinea
74%
Bułgaria
73%
Republika Środkowoafrykańska
73%
Malta
71%
Burkina Faso
69%
Gambia
67%
Dżibuti
66%
Gabon
66%
Seszele
66%
Wyspy Świętego Tomasza i Książeca
65%
Benin
64%
Gwinea Bissau
63%
Jordania
62%
Mauritius
62%
Komory
60%
Barbados
59%
Antigua i Barbuda
57%
Grenada
56%
Saint Lucia
53%
Saint Vincent i Grenadyny
53%
Saint Kitts i Nevis
52%
Vanuatu
52%
Gwinea Równikowa
50%
Trynidad i Tobago
46%

Rozkład punktacji

Percentyl według liczby udzielonych odpowiedzi

Procent ludzi z każdym wynikiem

Twoja historia wyników

Nie rozwiązałeś tego quizu